| 000 | 01129cam a2200313 a 4500 | ||
|---|---|---|---|
| 005 | 20260322212005.0 | ||
| 008 | data | ||
| 010 | _a85-22025 | ||
| 020 | _a0709905645 | ||
| 020 | _a9780709905646 | ||
| 040 |
_aDNLM _cDNLM |
||
| 041 | 0 | 9 | _aeng |
| 044 | _9England | ||
| 060 | 0 | 0 |
_aWM 30 _bA3236i 1986 |
| 096 | _aWM 30 A32361 1986 | ||
| 100 | 1 | _aAlaszewski, Andy. | |
| 245 | 1 | 0 |
_aInstitutional care and the mentally handicapped : _bthe mental handicap hospital / _cAndy Alaszewski. |
| 260 |
_aLondon ; Dover, N.H. : _bCroom Helm, _cc1986. |
||
| 300 |
_aix, 268 p. : _bill. |
||
| 500 | _aOriginally presented as author's thesis (Ph. D.--University of Cambridge, 1981). | ||
| 500 | _aIncludes index. | ||
| 504 | _aBibliography: p. 252-262. | ||
| 520 | _aOriginally presented as author's thesis (Ph.D.- University of Cambridge) | ||
| 590 | _aIncludes bibliography p. 252 and index. | ||
| 650 | 2 |
_aHospitals, Psychiatric _xorganization & administration _zGreat Britain |
|
| 650 | 2 |
_aMental Disorders _xclassification _zGreat Britain |
|
| 650 | 2 |
_aMental Health Services _xorganization & administration _zGreat Britain |
|
| 001 | data | ||
| 999 |
_c81 _d81 |
||